Estudio de Opinión Pública Unimer RI - La Nación enero - febrero de 1997: efectuada del 22 de enero al 5 de febrero /

Enregistré dans:
Détails bibliographiques
Auteur principal: Mendiola T, Haydée
Collectivité auteur: Unimer Research International
Autres auteurs: Paniagua, Carlos G.
Format: Texte
Publié: San José: Unimer
Tags: Ajouter un tag
Pas de tags, Soyez le premier à ajouter un tag!

MARC

LEADER 00000 a a2200000 04500
001 27671
003
040 |a CRAI/IIS  |c CRAI/IIS 
090 |a 185903  |b ENCUESTA  
100 |a Mendiola T, Haydée  
110 |a Unimer Research International  
245 |a Estudio de Opinión Pública Unimer RI - La Nación enero - febrero de 1997: efectuada del 22 de enero al 5 de febrero /  |c Haydée Mendiola T. 
260 |a San José:   |b Unimer  
300 |a 52 p. y s.p   |b **no definido**   |b fonodiscos  
700 |a Paniagua, Carlos G.  
999 |c 17737  |d 17737